<?xml version="1.0" encoding="UTF-8"?><?xml-stylesheet type="text/xsl" href="static/style.xsl"?><OAI-PMH xmlns="http://www.openarchives.org/OAI/2.0/" xmlns:xsi="http://www.w3.org/2001/XMLSchema-instance" xsi:schemaLocation="http://www.openarchives.org/OAI/2.0/ http://www.openarchives.org/OAI/2.0/OAI-PMH.xsd"><responseDate>2026-04-28T19:25:21Z</responseDate><request verb="GetRecord" identifier="oai:uvadoc.uva.es:10324/8285" metadataPrefix="marc">https://uvadoc.uva.es/oai/request</request><GetRecord><record><header><identifier>oai:uvadoc.uva.es:10324/8285</identifier><datestamp>2021-06-29T10:25:19Z</datestamp><setSpec>com_10324_38</setSpec><setSpec>col_10324_852</setSpec></header><metadata><record xmlns="http://www.loc.gov/MARC21/slim" xmlns:doc="http://www.lyncode.com/xoai" xmlns:xsi="http://www.w3.org/2001/XMLSchema-instance" xmlns:dcterms="http://purl.org/dc/terms/" xsi:schemaLocation="http://www.loc.gov/MARC21/slim http://www.loc.gov/standards/marcxml/schema/MARC21slim.xsd">
<leader>00925njm 22002777a 4500</leader>
<datafield tag="042" ind1=" " ind2=" ">
<subfield code="a">dc</subfield>
</datafield>
<datafield tag="720" ind1=" " ind2=" ">
<subfield code="a">Linaje Alonso, Jaime</subfield>
<subfield code="e">author</subfield>
</datafield>
<datafield tag="260" ind1=" " ind2=" ">
<subfield code="c">2014</subfield>
</datafield>
<datafield tag="520" ind1=" " ind2=" ">
<subfield code="a">En este trabajo se estudia la dramatización como recurso para el desarrollo integral del niño. Aunque son muchos los beneficios del uso de las técnicas teatrales como metodología para poner en práctica en la escuela de Primaria, hemos centrado nuestra atención en cómo a través de la dramatización los alumnos del último nivel del tercer ciclo de Educación Primaria pueden desarrollar sus capacidades expresivas, en concreto la expresión oral. Nos basaremos para ello en una fundamentación teórica sobre la dramatización, sus puntos fuertes metodológicos y su uso como recurso en la escuela. Así mismo se tratará la expresión oral, la importancia de esta habilidad lingüística y su enseñanza en Educación Primaria. Ponemos en relación la dramatización con el desarrollo de la comunicación oral y desde este marco teórico hacemos una propuesta de intervención para 6º de Educación Primaria, que hemos detallado para una posible aplicación en cualquier centro educativo de esta etapa.</subfield>
</datafield>
<datafield tag="024" ind2=" " ind1="8">
<subfield code="a">http://uvadoc.uva.es/handle/10324/8285</subfield>
</datafield>
<datafield ind1=" " ind2=" " tag="653">
<subfield code="a">[pendiente de asignar]</subfield>
</datafield>
<datafield tag="245" ind1="0" ind2="0">
<subfield code="a">Propuesta de intervención para fomentar la expresión oral mediante el uso de la dramatización</subfield>
</datafield>
</record></metadata></record></GetRecord></OAI-PMH>